<?xml version="1.0" encoding="UTF-8"?>
<collection xmlns="http://www.loc.gov/MARC21/slim">
<record>
  <controlfield tag="001">164258</controlfield>
  <controlfield tag="005">20251203145549.0</controlfield>
  <datafield tag="037" ind1=" " ind2=" ">
    <subfield code="a">TAZ-TFM-2025-1398</subfield>
  </datafield>
  <datafield tag="041" ind1=" " ind2=" ">
    <subfield code="a">spa</subfield>
  </datafield>
  <datafield tag="100" ind1="1" ind2=" ">
    <subfield code="a">Fernández Meseguer, Raquel</subfield>
  </datafield>
  <datafield tag="242" ind1="0" ind2="0">
    <subfield code="a">Analysis of heavy metals in chocolate samples using inductively coupled plasma mass spectrometry (ICP-MS)</subfield>
  </datafield>
  <datafield tag="245" ind1="0" ind2="0">
    <subfield code="a">Análisis de metales pesados en muestras de chocolate mediante espectrometría de masas con plasma de acoplamiento inductivo (ICP-MS)</subfield>
  </datafield>
  <datafield tag="260" ind1=" " ind2=" ">
    <subfield code="a">Zaragoza</subfield>
    <subfield code="b">Universidad de Zaragoza</subfield>
    <subfield code="c">2025</subfield>
  </datafield>
  <datafield tag="506" ind1=" " ind2=" ">
    <subfield code="a">by-nc-sa</subfield>
    <subfield code="b">Creative Commons</subfield>
    <subfield code="c">3.0</subfield>
    <subfield code="u">http://creativecommons.org/licenses/by-nc-sa/3.0/</subfield>
  </datafield>
  <datafield tag="520" ind1=" " ind2=" ">
    <subfield code="a">El chocolate es un alimento de consumo habitual en todo el mundo y una fuente potencial de &lt;br />exposición dietética a metales pesados, debido a la capacidad del cacao para acumular &lt;br />elementos como cadmio, plomo, arsénico o mercurio. Dado que algunos de estos compuestos &lt;br />presentan toxicidad crónica y relevancia regulatoria, su estudio resulta esencial en el ámbito de &lt;br />la seguridad alimentaria. &lt;br />El objetivo de este trabajo fue validar un método analítico para la determinación de metales &lt;br />esenciales y tóxicos en tabletas de chocolate comercializadas en España, y aplicar dicho método &lt;br />para evaluar la presencia de estos elementos en las muestras analizadas.  &lt;br />Se analizaron 30 muestras de chocolate con diferentes porcentajes de cacao (70 – 99 %). Las &lt;br />muestras fueron sometidas a digestión ácida y posteriormente se cuantificaron los elementos &lt;br />mediante espectrometría de masas con plasma acoplado inductivamente (ICP-MS). El método &lt;br />fue validado en términos de linealidad, precisión, exactitud y sensibilidad, demostrando ser &lt;br />adecuado para la determinación de metales en esta matriz, si bien el plomo presentó &lt;br />recuperaciones sistemáticamente elevadas y una desviación estándar relativamente alta, por lo &lt;br />que los resultados deben interpretarse con cautela. &lt;br />Los resultados mostraron que el cadmio fue el metal detectado con mayor frecuencia y en &lt;br />concentraciones más elevadas en comparación con otros contaminantes, aunque siempre dentro &lt;br />de los límites legales establecidos. El plomo se detectó en concentraciones bajas, mientras que &lt;br />el arsénico y el mercurio estuvieron presentes en niveles muy reducidos. En cuanto a los &lt;br />metales esenciales, el manganeso y el hierro se encontraron en cantidades apreciables, mientras &lt;br />que el cobre y el zinc también se detectaron con una notable variabilidad entre productos, lo &lt;br />que refleja la influencia de factores como el origen del cacao o los procesos de elaboración. &lt;br />En conclusión, el método desarrollado resultó válido para el análisis de metales en chocolate y &lt;br />permitió evidenciar que, si bien la contaminación por cadmio debe ser objeto de seguimiento, &lt;br />las muestras analizadas cumplen la legislación vigente. Estos resultados ponen de relieve la &lt;br />importancia de controlar este tipo de contaminantes en productos de consumo habitual y, al &lt;br />mismo tiempo, confirman que el chocolate puede contribuir a la ingesta de determinados &lt;br />metales esenciales, aspecto de interés para la salud pública.&lt;br />&lt;br /></subfield>
  </datafield>
  <datafield tag="521" ind1=" " ind2=" ">
    <subfield code="a">Máster Universitario en Calidad, Seguridad y Tecnología de los Alimentos</subfield>
  </datafield>
  <datafield tag="540" ind1=" " ind2=" ">
    <subfield code="a">Derechos regulados por licencia Creative Commons</subfield>
  </datafield>
  <datafield tag="856" ind1="0" ind2=" ">
    <subfield code="f">906024@unizar.es</subfield>
  </datafield>
  <datafield tag="856" ind1="4" ind2=" ">
    <subfield code="s">1102039</subfield>
    <subfield code="u">http://zaguan.unizar.es/record/164258/files/TAZ-TFM-2025-1398.pdf</subfield>
    <subfield code="y">Memoria (spa)</subfield>
  </datafield>
  <datafield tag="909" ind1="C" ind2="O">
    <subfield code="o">oai:zaguan.unizar.es:164258</subfield>
    <subfield code="p">driver</subfield>
    <subfield code="p">trabajos-fin-master</subfield>
  </datafield>
  <datafield tag="950" ind1=" " ind2=" ">
    <subfield code="a"></subfield>
  </datafield>
  <datafield tag="691" ind1=" " ind2=" ">
    <subfield code="a">0</subfield>
  </datafield>
  <datafield tag="692" ind1=" " ind2=" ">
    <subfield code="a"></subfield>
  </datafield>
  <datafield tag="700" ind1=" " ind2=" ">
    <subfield code="a">Lorán Ayala, Susana y Rua Ibarz, Ana María</subfield>
    <subfield code="e">dir.</subfield>
  </datafield>
  <datafield tag="710" ind1="2" ind2=" ">
    <subfield code="a">Universidad de Zaragoza</subfield>
    <subfield code="b"> </subfield>
    <subfield code="c"></subfield>
  </datafield>
  <datafield tag="980" ind1=" " ind2=" ">
    <subfield code="a">TAZ</subfield>
    <subfield code="b">TFM</subfield>
    <subfield code="c">VET</subfield>
  </datafield>
  <datafield tag="999" ind1=" " ind2=" ">
    <subfield code="a">20250908170325.CREATION_DATE</subfield>
  </datafield>
  <datafield tag="951" ind1=" " ind2=" ">
    <subfield code="a">deposita:2025-12-03</subfield>
  </datafield>
</record>
</collection>